| 000 | 00680nam a2200253 a 4500 | ||
|---|---|---|---|
| 001 | BRCA_7133 | ||
| 005 | 20190320205726.0 | ||
| 008 | 110112s1890----fr-a######---#000-0#fre-# | ||
| 041 | _afre | ||
| 044 | _afr | ||
| 050 | 4 |
_aGV1547 _b.T58 1980 |
|
| 100 | 1 |
_aTit, Tom _917718 |
|
| 245 | 1 | 0 |
_aLa science amusante _b100 experiences _cTom Tit. |
| 250 | _a7e. ed. | ||
| 260 |
_aParís _bHollier-Larousse _c1890 |
||
| 300 |
_a248 p. _bil. _c21 cm. |
||
| 500 | _aEdiciòn con cantos dorados | ||
| 500 | _aEstado físico: Encuadernación desprendida | ||
| 500 | _aP12 | ||
| 650 | 1 | 4 |
_aPresdigitación _917719 |
| 650 | 1 | 4 |
_aCiencia recreativa _917720 |
| 902 | _aGFM | ||
| 942 |
_2lcc _cB |
||
| 999 |
_c6814 _d6814 |
||